004210000a220010900045001000019000002450092000193000038001117730047001499420008001969520090002049990017002941 aCasey, Maurice10aWhere wright is wrong : A critical review of N.T. wright's Jesus and the victory of God aNúm 69 (1998), Páginas 95-1030 tJournal for the Study of the New Testament cANA 001040708HEMaFUSBCbFUSBCd2016-01-26l0o r2016-01-26 00:00:00w2016-01-26yANA c56039d56039